Statistics for Brawl Stars Brawlers (Picture quiz) 2024

Click here to take the quiz!

General Stats

  • This quiz has been taken 3,884 times
    (2,087 since last reset)
  • The average score is 62 of 80

Answer Stats

Answer% Correct
Brock
98%
Bull
98%
Colt
98%
El Primo
98%
Nita
98%
Shelly
98%
Poco
95%
Rosa
94%
Jessie
93%
Tick
92%
8-Bit
90%
Barley
90%
Bo
90%
Dynamike
90%
Rico
90%
Carl
89%
Frank
89%
Penny
89%
Edgar
88%
Jacky
88%
Bea
87%
Darryl
87%
Emz
87%
Gus
87%
Pam
87%
Piper
87%
Stu
87%
Bibi
85%
Nani
84%
Griff
83%
Hank
82%
Grom
81%
Mortis
80%
Max
79%
Tara
79%
Ash
78%
Bonnie
78%
Colette
78%
Sam
77%
Gale
76%
Lola
76%
Mandy
76%
Angelo
75%
Belle
75%
Gene
75%
Larry & Lawrie
75%
Mr.P
75%
Buzz
74%
Sprout
72%
Byron
71%
Doug
71%
Gray
71%
Pearl
71%
Squeak
71%
Fang
70%
Leon
69%
Lou
69%
Spike
69%
Crow
68%
Maisie
68%
Ruffs
67%
Willow
67%
Chuck
66%
Eve
66%
Mico
66%
Otis
66%
Sandy
66%
Melodie
65%
Amber
64%
Kit
64%
Lily
64%
Surge
64%
Chester
63%
Janet
63%
R-T
62%
Buster
61%
Charlie
61%
Meg
61%
Cordelius
59%
Draco
53%

Score Distribution

Percentile by Number Answered

Percent of People with Each Score

Your Score History

You have not taken this quiz since the last reset